000 00614nam a22002297a 4500
999 _c16825
_d16825
003 OSt
005 20180427122907.0
008 180427b xxu||||| |||| 00| 0 eng d
020 _a8180611469
040 _cKABU
050 _aQR 41
_b.L35 2003 C.1
100 _aIchhpujani, Lal Rattan.
245 _aMicrobiology for nurses:
_cRattan Lal Ichhpujani.
250 _a2nd ed.
260 _aNew delhi:
_bJaypee Brothers;
_c2003.
300 _axii, 222p.
650 _aMicroorganism.
650 _aPathogenic microorganism
650 _aNurses and nursing
700 _aBhatia, Rejesh
942 _2lcc
_cBK